Movies Quiz

Random Movies or Disney Quiz
Score 0/20 Timer 05:00
9 Plays Today
% Correct
Circle of Life
93.4%
Under the Sea
93.3%
Be Our Guest
90.6%
Heigh-Ho
84.5%
Colors of the Wind
84.5%
Let It Go
82.4%
Bare Necessities
80.3%
Cruella de Vil
76.4%
Reflection
68.2%
Friend Like Me
65.7%
% Correct
Once Upon a Dream
64.8%
You Can Fly!
63.7%
You'll Be In My Heart
56.5%
I've Got No Strings
54.7%
Zero to Hero
51%
I See the Light
45.4%
Bella Notte
44.8%
Step in Time
34.9%
When I See an Elephant Fly
28.7%
Who's Afraid of the Big Bad Wolf?
27.4%
Remove Ads.
Support Sporcle.
Get the best of Sporcle when you Go Orange. This ad-free experience offers more features, more stats, and more fun while also helping to support Sporcle. Thank you for becoming a member.

You're not logged in!

Compare scores with friends on all Sporcle quizzes.
OR
Log In

Sporcle TV

Today on Sporcle TV


Watch our educational content, quiz creation guides, and fun videos on Sporcle TV.

Show Comments

Extras

Top Quizzes Today


Score Distribution

Paid Content

Your Account Isn't Verified!

In order to create a playlist on Sporcle, you need to verify the email address you used during registration. Go to your Sporcle Settings to finish the process.

Report this User

Report this user for behavior that violates our Community Guidelines.

Details: